| 000 | 00671nac a22001811u 4500 | ||
|---|---|---|---|
| 008 | 100906s2000 n |||||ri 001 0 eng d | ||
| 010 | _a00021628 | ||
| 020 | _a3540665978 (hc. : alk. paper) | ||
| 020 | _a9783540665977 | ||
| 082 | 0 | 0 |
_a004.68 _bCHO _222 |
| 100 |
_aChowdhury, Dhiman Deb. _918244 |
||
| 245 | 1 | 0 |
_aHigh speed LAN technology handbook / _cDhiman Deb Chowdhury. |
| 260 |
_aBerlin ; _aNew York : _bSpringer, _cc2000. |
||
| 300 |
_axiv, 497 p. : _bill. ; _c25 cm. |
||
| 504 | _aIncludes bibliographical references (p. [469]-472) and index. | ||
| 650 | 0 |
_aLocal area networks (Computer networks) _vHandbooks, manuals, etc. _918245 |
|
| 942 |
_cBB _k004.68 CHO _2ddc |
||
| 999 |
_c712 _d712 |
||